| 000 | 00687nam a22001937a 4500 | ||
|---|---|---|---|
| 003 | NUST-PNEC | ||
| 005 | 20170116180726.0 | ||
| 008 | 141106b xxu||||| |||| 00| 0 eng d | ||
| 040 | _cPNEC | ||
| 082 | _a001.434 DEA | ||
| 100 |
_9931 _aDean, Angela |
||
| 245 |
_aDesign and analysis of experiments _cAngela Dean |
||
| 260 |
_aNew York : _bSpringer , _c1999. |
||
| 300 |
_axix, 740 pages : _billustrations. _c24 cm. |
||
| 500 | _aIncludes Index | ||
| 651 |
_xMIS, Computer Science _916355 _aExperimental Method |
||
| 856 | _uhttp://www.amazon.com/Design-Analysis-Experiments-Dean/dp/8181284003/ref=sr_1_1?s=books&ie=UTF8&qid=1415259827&sr=1-1&keywords=8181284003 | ||
| 942 |
_2ddc _cBK |
||
| 999 |
_c61633 _d61633 |
||